01043nam a2200277Ia 4500001001200000003000800012006001900020007001500039008004100054020001500095040002100110035002000131050002700151100001700178245009300195260004900288300002600337500002000363533015200383650002200535650001900557655002900576710001700605856012600622999001700748ebr10066774CaPaEBRm u cr cn|||||||||040226s2004 maua s 001 0deng d z193183637X aCaPaEBRcCaPaEBR a(OCoLC)5719707114aTK5105.78b.B37 2004eb1 aBarken, Lee.10aWireless hackingh[electronic resource] :bprojects for Wi-Fi enthusiasts /cLee Barken. aRockland, MA :bSyngress Publishing,cc2004. axxiii, 334 p. :bill. aIncludes index. aElectronic reproduction.bPalo Alto, Calif. :cebrary,d2009.nAvailable via World Wide Web.nAccess may be limited to ebrary affiliated libraries. 0aComputer hackers. 0aWireless LANs. 7aElectronic books.2local2 aebrary, Inc.40uhttp://site.ebrary.com/lib/rucke/Doc?id=10066774zAn electronic book accessible through the World Wide Web; click to view c48685d48685